| 000 | 01288cad a22002175a 4500 | ||
|---|---|---|---|
| 001 | L152939 | ||
| 008 | 110517s2011 xxkd f s f000 0 eng d | ||
| 020 | _a9781409815068 | ||
| 035 | _a(Sirsi) u152939 | ||
| 041 | 0 | _aeng | |
| 110 | 1 |
_aUnited Kingdom _bDepartment for Communities and Local Government _94939 |
|
| 245 | 0 | 0 |
_aProduct emission labelling scheme _bscoping study _h[electronic resource] |
| 260 |
_aLondon _bDCLG _c2011 |
||
| 520 | _aThis report is the final technical report and deliverable for milestone 3 for this project, which was carried out under the Department for Communities and Local Government sponsored 'Product Emission Labelling Scheme to Expedite Improvements in Indoor Air Quality' Scoping Study [CLG contract ref: CI 71/6/48 (BD2542)]. The scoping study was initiated partially in response to the guidance added to the latest edition of the Approved Document Part F, which includes an increase in ventilation rate to dilute VOC-type compounds. | ||
| 521 | _aAdvanced | ||
| 590 | _aKA | ||
| 651 | 4 |
_aUnited Kingdom _y |
|
| 690 | _aENVIRONMENTAL AND LAND CONSULTANCY-ENERGY-ENERGY USE-ENERGY EFFICIENCY | ||
| 856 | 4 | 0 |
_uhttps://www.communities.gov.uk/documents/corporate/pdf/1898589.pdf _zView this item free of charge at www.communities.gov.uk |
| 942 | _n0 | ||
| 999 |
_c112281 _d112281 |
||